000
00293nam a2200121Ia 4500
008
190216s9999||||xx |||||||||||||| ||und||
100
_a
Rusin N &flit L
245
0
_a
Manushanum Kalavasthyum
260
_b
Kerala Bhasha Institute
_c
1973
300
_a
129p
650
_a
Botany
942
_c
BK
999
_c
37645
_d
37645